[Event "FENAJ-ch U18 Girls"]
[Site "Brazil"]
[Date "2013.05.30"]
[Round "1"]
[White "Durante, Taina Seidel"]
[Black "Marzanatti, Julia"]
[Result "1-0"]
[WhiteElo "1739"]
[BlackElo "1784"]
[PlyCount "114"]
[EventDate "2013.05.30"]
[EventType "swiss"]
[EventRounds "5"]
[EventCountry "BRA"]
[SourceTitle "EXT 2015"]
[Source "ChessBase"]
[SourceDate "2014.11.20"]
[SourceVersion "1"]
[SourceVersionDate "2014.11.20"]
[SourceQuality "1"]

1. e4 e6 2. d4 d5 3. Nd2 c5 4. exd5 exd5 5. dxc5 Bxc5 6. Nb3 Be7 7. Nf3 Nf6 8. Be2 0-0 9. 0-0 Nc6 10. c3 Qc7 11. Bg5 Rd8 12. Rc1 Bf5 13. Nfd4 Bg6 14. f4 Be4 15. Bd3 h6 16. Bh4 Qb6 17. Bf2 Qc7 18. Be3 a5 19. Nf5 Re8 20. Nbd4 Nxd4 21. Nxe7+ Qxe7 22. Bxd4 Bxd3 23. Qxd3 Qe2 24. Qxe2 Rxe2 25. Bxf6 gxf6 26. Rf2 Rae8 27. Rc2 Rxc2 28. Rxc2 Re4 29. Rd2 Rxf4 30. Rxd5 Ra4 31. a3 Kg7 32. Rb5 Rc4 33. Rxb7 f5 34. Rb5 a4 35. Rxf5 Kg6 36. Rb5 Rc7 37. Rb4 Ra7 38. c4 Kf6 39. Kf2 Ke5 40. Ke3 Kd6 41. Kd4 Kc6 42. Rb5 Rd7+ 43. Kc3 Ra7 44. Rh5 Rb7 45. Rxh6+ Kc5 46. Rh5+ Kc6 47. Rb5 Rd7 48. Rb4 Ra7 49. h4 f5 50. h5 Kc5 51. Rb5+ Kc6 52. Kb4 Ra6 53. h6 Ra7 54. Ra5 Rb7+ 55. Kxa4 Rxb2 56. h7 Rb8 57. h8Q Rxh8 1-0

[Event "Goiania-ch U20 (Women)"]
[Site "Goiania"]
[Date "2013.05.19"]
[Round "4"]
[White "De Melo, Raissa Vieira"]
[Black "Marzanatti, Julia"]
[Result "1-0"]
[WhiteElo "1837"]
[BlackElo "1784"]
[PlyCount "99"]
[EventDate "2013.05.18"]
[EventType "tourn"]
[EventRounds "5"]
[EventCountry "BRA"]
[SourceTitle "EXT 2015"]
[Source "ChessBase"]
[SourceDate "2014.11.20"]
[SourceVersion "1"]
[SourceVersionDate "2014.11.20"]
[SourceQuality "1"]

1. d4 Nf6 2. c4 c5 3. d5 b5 4. cxb5 a6 5. bxa6 Bxa6 6. Nc3 d6 7. g3 g6 8. Bg2 Bg7 9. Nf3 0-0 10. Rb1 Qa5 11. 0-0 Nbd7 12. Bd2 Ng4 13. Qc2 Rfb8 14. b3 Qa3 15. Bc1 Qa5 16. Bd2 Qa3 17. Bc1 Qa5 18. Bd2 Ra7 19. a4 Rab7 20. h3 Nge5 21. Nxe5 Bxe5 22. Nb5 Qb6 23. Nc3 Qc7 24. Rfc1 c4 25. Nb5 Bxb5 26. axb5 Rxb5 27. Qxc4 Qxc4 28. Rxc4 Rxb3 29. Rxb3 Rxb3 30. Bh6 Rb1+ 31. Kh2 Nb6 32. Rc7 Bd4 33. Rxe7 f5 34. e3 Bc5 35. Bf4 Rd1 36. Bf3 Nxd5 37. Bxd1 Nxe7 38. Bb3+ Kg7 39. g4 fxg4 40. hxg4 h6 41. g5 h5 42. Kg3 Nf5+ 43. Kf3 Kf8 44. Ke4 Ke7 45. Kd5 h4 46. Bc2 h3 47. Bxf5 gxf5 48. f3 Kf7 49. e4 fxe4 50. fxe4 1-0

[Event "Rio Verde Fexeg Cup"]
[Site "Rio Verde"]
[Date "2012.10.21"]
[Round "5"]
[White "Campos, Otavio Moraes"]
[Black "Marzanatti, Julia"]
[Result "1-0"]
[WhiteElo "1792"]
[BlackElo "1901"]
[PlyCount "61"]
[EventDate "2012.10.19"]
[EventType "swiss"]
[EventRounds "6"]
[EventCountry "BRA"]
[SourceTitle "EXT 2014"]
[Source "ChessBase"]
[SourceDate "2013.11.20"]
[SourceVersion "1"]
[SourceVersionDate "2013.11.20"]
[SourceQuality "1"]

1. e4 e6 2. d4 d5 3. e5 c5 4. c3 Nc6 5. Nf3 Qb6 6. Qb3 cxd4 7. Qxb6 axb6 8. cxd4 Nge7 9. Bd2 Ng6 10. Bb5 Be7 11. Nc3 0-0 12. 0-0 f6 13. exf6 Rxf6 14. Bg5 Rf7 15. Bxe7 Ncxe7 16. Na4 Ra5 17. Nc3 Nc6 18. a3 Bd7 19. b4 Ra7 20. Rfe1 Nd8 21. Ng5 Re7 22. Bxd7 Rxd7 23. Nxe6 Ra8 24. g3 Kf7 25. Ng5+ Kg8 26. f4 Nf7 27. Nf3 Nd6 28. Nxd5 Nf5 29. Nxb6 Nxd4 30. Nxd4 Rxd4 31. Nxa8 1-0

[Event "Rio Verde Fexeg Cup"]
[Site "Rio Verde"]
[Date "2012.10.21"]
[Round "6"]
[White "Marzanatti, Julia"]
[Black "Bocca, Edson Ricardo"]
[Result "1/2-1/2"]
[WhiteElo "1901"]
[BlackElo "1581"]
[PlyCount "116"]
[EventDate "2012.10.19"]
[EventType "swiss"]
[EventRounds "6"]
[EventCountry "BRA"]
[SourceTitle "EXT 2014"]
[Source "ChessBase"]
[SourceDate "2013.11.20"]
[SourceVersion "1"]
[SourceVersionDate "2013.11.20"]
[SourceQuality "1"]

1. e4 e5 2. Nf3 Nc6 3. d4 exd4 4. Nxd4 Nxd4 5. Qxd4 Qf6 6. e5 Qb6 7. Be3 Qb4+ 8. Nd2 Qxd4 9. Bxd4 Ne7 10. Bc4 Nc6 11. Bc3 Bb4 12. Bxb4 Nxb4 13. 0-0-0 Nc6 14. f4 Nd4 15. Ne4 Nf5 16. Rhe1 b6 17. g4 Ne7 18. f5 Nc6 19. Ng5 0-0 20. e6 dxe6 21. fxe6 fxe6 22. Nxe6 Bxe6 23. Bxe6+ Kh8 24. Bd5 Rf6 25. Bxc6 Rxc6 26. Re7 Rd6 27. Rxc7 Rxd1+ 28. Kxd1 h6 29. c4 a6 30. a3 Rf8 31. Rb7 Rf6 32. Kc2 Rc6 33. Kd3 Kh7 34. Kc3 Rf6 35. b4 Rc6 36. Kb3 Kg6 37. Ka4 Kf6 38. Kb3 g6 39. b5 axb5 40. cxb5 Rd6 41. Kc4 Kg5 42. Rc7 Rf6 43. Rc6 Rf4+ 44. Kd5 Rxg4 45. Rxb6 Rh4 46. Ra6 Rxh2 47. b6 Rb2 48. Kc6 h5 49. b7 Rc2+ 50. Kb6 Rb2+ 51. Ka7 h4 52. Rb6 Ra2 53. b8Q Rxa3+ 54. Ra6 Rxa6+ 55. Kxa6 Kg4 56. Qc8+ Kf4 57. Qc4+ Kg5 58. Qc5+ Kg4 1/2-1/2